Chinn, Jeff. Russians as the new minority. - Boulder, Colo. [u.a.]

Titel: Chinn, Jeff. Russians as the new minority. - Boulder, Colo. [u.a.] : Westview Press. - 1996 [Rezension]
Verfasser:
In: Nations and nationalism, Band 4 (1998), Seite 139-142
alle Artikel anzeigen
Veröffentlicht: 1998
Format: Aufsatz
Sprache: Englisch
Schlagworte:
Kein Bild verfügbar
X
alg: 39474337
001A    $01999:12-11-16 
001B    $01999:10-07-24 $t22:32:35.000 
001D    $01999:12-11-16 
001U    $0utf8 
001X    $00 
002@    $0Oox 
003@    $0394743377 
007A    $0394743377 $aHEB 
007T    $0Herd71280 
009Q    $uhttps://doi.org/10.1111/j.1354-5078.1998.00121.x $xVolltext 
010@    $aeng 
011@    $a1998 
013D    $#Newspapers Sections, columns, etc. Reviews $#Book reviewing $#Journaux Cahiers, chroniques, etc. Comptes rendus $#Livres Recension $#Rezension $#Buchbesprechung $#Buchrezension $#Buchkritik $74049712-4 $8Rezension [Ts1] $9085138568 
021A    $aChinn, Jeff. Russians as the new minority. - Boulder, Colo. {[u.a.] $dWestview Press. -  1996 [Rezension] 
028A    $aSasse $dGwendolyn 
031A    $d4 $h139-142 $j1998 
039B    $aIn $8--Obvc--. Nations and nationalism. - Oxford : Wiley-Blackwell, 1995-. - Online-Ressource. - ISSN 1469-8129. - DOI 10.1111/(ISSN)1469-8129 $x199800000040000861 $9084522844 
039T    $8--Aau--Chinn, Jeff [Tnx]. Russians as the new minority. - Boulder, Colo. {[u.a.] : Westview Press, 1996. - XII, 308 S.. - Kt.. - ISBN 0-8133-2249-9 $9049479105 
045F    $a900.9479 $eDDC23BSB 
045F/01 $a900 
045F/03 $g479 
045F/03 $g4798 
045F/03 $g4793 

lok: 39474337 78

exp: 39474337 78 1 #EPN
201B/01 $018-11-16 $t12:35:21.000 
201U/01 $0utf8 
203@/01 $0791041980 
208@/01 $a12-11-16 $be 
209A/01 $a/ $f000 $x00 
220C/01 $aTitelaufnehmer: pk 
244Z/01 $2Trx $#Baltijos šalys $#kraje bałtyckie $#Baltikum $8--Trx--Baltische Länder $x01 $9391352903 
244Z/01 $2Trx $#Estija $#Igaunija $#Estland $#Estonia $#Estonia $#Estónsko $#Estonsko $8--Trx--Eesti $x02 $9391237225 
244Z/01 $2Trx $#Litauen $#Lithuania $#Litwa $#Litva $#Litva $8--Trx--Lietuva $x03 $9391193457 
244Z/01 $2Trx $#Latvija $#Lettland $#Łotwa $#Lotyšsko $8--Trx--Latvija $x04 $9391275879 
244Z/01 $2Trx $#arvustused $#recenzijos $#Reviews $#recenziók $#recenzje $#recenzie $#recenze $8--Trx--Rezensionen $x05 $9391357441 
247C/01 $82080>Marburg/Lahn, Herder-Institut, Forschungsbibliothek, Bibliographieportal $9336309341
LEADER 00000caa a22000002c 4500
001 394743377
003 DE-603
005 20240710223235.0
007 cr||||||||||||
008 161112s1998 xx |||| o| u00||u|eng c
035 |a (DE-599)HEB394743377 
040 |a DE-603  |b ger  |c DE-603  |d DE-603 
041 |a eng 
082 0 4 |8 1\u  |a 900.9479  |q DE-101  |2 23/BSB 
085 |8 1\u  |b 900 
085 |8 1\u  |z 2  |s 479 
085 |8 1\u  |z 2  |s 4798 
085 |8 1\u  |z 2  |s 4793 
100 1 |a Sasse, Gwendolyn 
245 0 0 |a Chinn, Jeff. Russians as the new minority. - Boulder, Colo. ˜[u.a.]œ  |b Westview Press. - 1996 [Rezension] 
264 0 |c 1998 
655 7 |a Rezension  |2 gnd-content  |0 (DE-588)4049712-4  |0 (DE-603)085138568 
773 0 8 |i In  |t Nations and nationalism  |d Oxford : Wiley-Blackwell, 1995-  |h Online-Ressource  |o 10.1111/(ISSN)1469-8129  |x 1469-8129  |g Band 4 (1998), Seite 139-142  |w (DE-603)084522844  |w (DE-600)1500007-2 
787 0 8 |i Rezension von  |a Chinn, Jeff  |t Russians as the new minority  |d Boulder, Colo. ˜[u.a.] œ: Westview Press, 1996  |h XII, 308 S., Kt.  |z 0813322499  |z 0813322480  |w (DE-603)049479105 
856 |u https://doi.org/10.1111/j.1354-5078.1998.00121.x 
924 1 |9 2080  |a (DE-603)791041980  |b DE-2080  |c HES  |d d  |g /